000
00222 a2200097 4500
001
26855
100
_a
Ferozsons
245
_a
English to english and urdu idctionary
260
_a
_b
Ferozsons ltd
_c
090
_c
18088
_d
18088
942
_a
NUST-CAE
_c
M
_c
8989
999
_c
261928
_d
261928